Principios generales de derecho inmobiliario y legislación hipotecaria / (Record no. 39246)

MARC details
000 -LEADER
campo de control de longitud fija 00712nam a2200205 i 4500
001 - NÚMERO DE CONTROL
campo de control 39246
003 - IDENTIFICADOR DE NÚMERO DE CONTROL
campo de control ES-MaACL
005 - FECHA Y HORA DE LA ÚLTIMA TRANSACCIÓN
campo de control 20230906155923.0
007 - CAMPO FIJO DE DESCRIPCIÓN FÍSICA--INFORMACIÓN GENERAL
campo de control de longitud fija t|
008 - DATOS DE LONGITUD FIJA--INFORMACIÓN GENERAL
campo de control de longitud fija 030227s1941 sp ||||1| spa d
100 1# - ENTRADA PRINCIPAL--NOMBRE DE PERSONA
Nombre de persona Campuzano y Horma, Fernando.
9 (RLIN) 34352
245 10 - MENCIÓN DEL TÍTULO
Título Principios generales de derecho inmobiliario y legislación hipotecaria /
Mención de responsabilidad, etc. Fernando Campuzano y Horma.
250 ## - MENCION DE EDICION
Mención de edición 2ª ed. rev., amp. y adaptada
Resto de la mención de edición por Juan José Rumeu de Armas.
260 ## - PUBLICACIÓN, DISTRIBUCIÓN, ETC.
Lugar de publicación, distribución, etc. Madrid :
Nombre del editor, distribuidor, etc. Reus,
Fecha de publicación, distribución, etc. 1941.
300 ## - DESCRIPCIÓN FÍSICA
Extensión 2 v. ;
Dimensiones 23 cm.
650 04 - PUNTO DE ACCESO ADICIONAL DE MATERIA--TÉRMINO DE MATERIA
Término de materia o nombre geográfico como elemento de entrada Derecho inmobiliario registral-
Subdivisión geográfica España.
9 (RLIN) 11715
700 1# - ENTRADA AGREGADA--NOMBRE PERSONAL
Nombre de persona Rumeu de Armas, Juan José.
9 (RLIN) 100992
852 ## - LOCALIZACIÓN
Ubicación ES-MaACL
Número de control de estantería A-717-18
Sublocalización o colección R.19814
852 ## - LOCALIZACIÓN
Ubicación ES-MaACL
Número de control de estantería A-443-44
Holdings
Estatus retirado Estado de pérdida Estado de daño No para préstamo Biblioteca de origen Biblioteca actual Ubicación en estantería Fecha de adquisición Fuente de adquisición Total de préstamos Signatura topográfica completa Código de barras Visto por última vez Precio de reemplazo Tipo de ítem Koha
        Biblioteca del Ateneo de Madrid Biblioteca del Ateneo de Madrid Sala Pecera Planta 1 14/02/2018     A-443-44 1198367 23/02/2023 23/02/2023 Libro impreso
        Biblioteca del Ateneo de Madrid Biblioteca del Ateneo de Madrid Sala Pecera Planta 1 17/01/2008     A-717-18 1041326 23/02/2023 23/02/2023 Libro impreso